Hué - Choix multiples - Statistiques

Statistiques générales
  • Ce quiz a été pris 4 fois
    2 depuis la dernière actualisation
  • Le résultat moyen est 5 sur 10
Statistiques - réponses
Question Réponse % Correct
Quelle arme chimique a été la plus répandue sur la province de Thừa Thiên Huế pendant la guerre du Viêt Nam, notamment dans le district A Lưới à environ 70 km de la ville ? L'agent orange
100%
Quel fleuve le pont précédent enjambe-t-il à Huế ? La rivière des Parfums
100%
Reconnaissez-vous le pont Tràng Tiên de Huế, le premier pont en acier du Viêt Nam, sur l'une des images suivantes ?
50%
Quel ingrédient compose essentiellement le bánh khoái, spécialité de pâtisserie frite de la région de Huế? De la farine de riz
50%
Quel film américain se termine par des scènes représentant la bataille de Huế où une tireuse d'élite vietnamienne donne du fil à retordre aux marines américains ? Full Metal Jacket
50%
Comment appelle-t-on la robe traditionnelle vietnamienne portée notamment par les hôtesses de l'air et les étudiantes ? Des femmes défilent avec cette robe lors du festival d'Huế. L'áo dài
50%
De quel ancien État, Huế fut-elle la capitale ? L'Empire d'Annam
50%
Dans le cadre de quelle campagne militaire de la guerre du Viêt Nam a eu lieu la bataille de Huế en 1968 qui s'est soldée par le massacre de milliers de civils en un mois par les Viêt Cộng ? L'offensive du Têt
50%
Pourquoi l'ancien archevêque de Huế, Mgr Thuc, frère du précédent, est-il connu ? Il a consacré des évêques sans mandat pontifical en opposition à Vatican II.
0%
Quel chef d'Etat vietnamien est né à Huế et s'est fait assassiné à Saïgon ? Jean-Baptiste Ngô Đình Diệm
0%
Aucun quiz correspondant
Distribution des résultats
% des personnes avec chaque résultat
Percentile par nombre de réponses
Votre historique - résultats
Vous n’avez pas pris ce quiz depuis la dernière actualisation